AH International Schools' Libraries

(Khmer) The prince who never laughed / (Record no. 50306)

MARC details
000 -LEADER
fixed length control field 00344nam a2200121 4500
020 ## - INTERNATIONAL STANDARD BOOK NUMBER
International Standard Book Number 9789995054977
245 ## - TITLE STATEMENT
Title (Khmer) The prince who never laughed /
Statement of responsibility, etc Heng Dary.
250 ## - EDITION STATEMENT
Edition statement 10th ed.
260 ## - PUBLICATION, DISTRIBUTION, ETC. (IMPRINT)
Place of publication, distribution, etc Cambodia:
Name of publisher, distributor, etc Sipar;
Date of publication, distribution, etc 2025.
300 ## - PHYSICAL DESCRIPTION
Extent 43 p.
Other physical details col. ill.
Dimensions 19 cm.
700 ## - ADDED ENTRY--PERSONAL NAME
Relator code ilustrator.
Personal name Constant Nourry.
9 (RLIN) 85522
942 ## - ADDED ENTRY ELEMENTS (KOHA)
Source of classification or shelving scheme
Koha item type SEC LIB BLUE SHELF TEXTBOOK
Holdings
Withdrawn status Lost status Source of classification or shelving scheme Damaged status Not for loan Collection code Home library Current library Date acquired Full call number Barcode Date last seen Price effective from Koha item type
          SECONDARY Asian Hope Secondary Library Asian Hope Secondary Library 03/24/2026 KHMER TB J FIC HEN 210900 03/24/2026 03/24/2026 SEC LIB BLUE SHELF TEXTBOOK
          SECONDARY Asian Hope Secondary Library Asian Hope Secondary Library 03/24/2026 KHMER TB J FIC HEN 210993 03/24/2026 03/24/2026 SEC LIB BLUE SHELF TEXTBOOK
          SECONDARY Asian Hope Secondary Library Asian Hope Secondary Library 03/24/2026 KHMER TB J FIC HEN 210997 03/24/2026 03/24/2026 SEC LIB BLUE SHELF TEXTBOOK
          SECONDARY Asian Hope Secondary Library Asian Hope Secondary Library 03/24/2026 KHMER TB J FIC HEN 211005 03/24/2026 03/24/2026 SEC LIB BLUE SHELF TEXTBOOK
          SECONDARY Asian Hope Secondary Library Asian Hope Secondary Library 03/24/2026 KHMER TB J FIC HEN 210904 03/24/2026 03/24/2026 SEC LIB BLUE SHELF TEXTBOOK

For any Logos Library related questions please contact Miss Art at swongnarasuk@asianhope.org.

For any Asian Hope Library related questions please contact Miss Raza at graza@asianhope.org.

Powered by Koha